| 000 | 02886nam a22005537a 4500 | ||
|---|---|---|---|
| 001 | 679 | ||
| 005 | 20231204142109.0 | ||
| 020 | _a9780312380687 | ||
| 020 | _a9780545312578 | ||
| 020 | _a0312380682 | ||
| 040 |
_aDLC _cDLC _dIG# _dBTCTA _dBAKER _dYDXCP _dEHH _dLCS _dOCLCG _dVP@ _dOCLCA _dCQU _dBGTON _dEXW _dDLC _dFISKH _beng |
||
| 050 | 0 | 0 |
_aPS3602.E6455 _bN53 2008 |
| 050 | 4 |
_aPZ7.B41175 _bNi 2008 |
|
| 082 | 0 | 0 |
_a813/.6 _222 |
| 100 | 1 | _aBell, Ted. | |
| 245 | 1 | 0 |
_aNick of time / _cTed Bell. |
| 250 | _aFirst Scholastic printing, November 2010 | ||
| 260 |
_aNew York : _bScholastic, _c2000. |
||
| 300 |
_ax, 434 pages, 1 unnumbered page : _c20 cm. |
||
| 505 | 0 | _aU | |
| 505 | 0 | _aThe jaws of Gravestone Rock -- The secret drawer -- Nazis in the strawberry patch -- The sea chest -- The dark cave -- Billy Blood -- Two terrible letters -- A council of war -- The Leviathan -- The Nantucket sleigh ride -- The electrified lagoon -- The Chinese butler -- Captain Thor's surprise -- Lord Hawke's tea party -- The mystery of time -- The Tempus Machina -- Captain Mciver's letter -- Das Kapitan's cabbages -- Tempus et locus -- Pigs and stowaways -- A bump in the night -- In the pigsty -- A skirmish in the dark -- Captain Mciver's cannonball -- The windowless submarine -- In the nick of time -- Kate saves the day -- A landlubber aloft -- Spies for sale -- In the sick bay -- The fully hatched scheme -- The Spanish masquerade -- Nazis in Hawke Lagoon -- Snake Eye and the Kingdom of Lost Children -- Merlin victorious -- A glorious farewell -- Landing at Hawke Field -- Churchill after dinner -- Epilogue -- Postscript. | |
| 520 | _aNick McIver is no ordinary boy, fighting pirates, beating Nazis at their own game, and traveling through time. | ||
| 521 |
_a950
_bLexile |
||
| 521 |
_aU
_bRaz-Plus |
||
| 650 | 0 |
_aBoys _zChannel Islands _vFiction. |
|
| 650 | 0 |
_aWorld War, 1939-1945 _zChannel Islands _vFiction. |
|
| 650 | 0 |
_aPirates _vFiction. |
|
| 650 | 0 |
_aKidnapping _vFiction. |
|
| 650 | 0 |
_aRescues _vFiction. |
|
| 650 | 0 |
_aTime travel _vFiction. |
|
| 650 | 0 |
_aNapoleonic Wars, 1800-1815 _vFiction. |
|
| 650 | 0 |
_aNapoleonic Wars, 1800-1815 _vJuvenile fiction. _2sears |
|
| 650 | 0 |
_aPirates _vJuvenile fiction. _2sears |
|
| 650 | 0 |
_aKidnapping _vJuvenile fiction. _2sears |
|
| 650 | 0 |
_aTime travel _vJuvenile fiction. _2sears |
|
| 650 | 0 | 0 |
_aFantasy fiction _vJuvenile fiction. _2sears |
| 650 | 1 |
_aWorld War, 1939-1945 _zChannel Islands _vFiction. |
|
| 650 | 1 |
_aNapoleonic Wars, 1800-1815 _vFiction. |
|
| 650 | 1 |
_aPirates _vFiction. |
|
| 650 | 1 |
_aKidnapping _vFiction. |
|
| 650 | 1 |
_aRescues _vFiction. |
|
| 650 | 1 |
_aTime travel _vFiction. |
|
| 650 | 1 |
_aAdventure and adventurers _vFiction. |
|
| 650 | 1 | _aFantasy. | |
| 655 | 7 |
_aAdventure fiction. _2gsafd |
|
| 655 | 7 |
_aFantasy fiction. _2gsafd |
|
| 906 |
_a7 _bcbc _corignew _d1 _eecip _f20 _gy-gencatlg |
||
| 942 |
_2ddc _cBK _n0 |
||
| 999 |
_c679 _d679 |
||